<?xml version="1.0" encoding="UTF-8"?>
<record
    xmlns:xsi="http://www.w3.org/2001/XMLSchema-instance"
    xsi:schemaLocation="http://www.loc.gov/MARC21/slim http://www.loc.gov/standards/marcxml/schema/MARC21slim.xsd"
    xmlns="http://www.loc.gov/MARC21/slim">

  <leader>00431nam a2200121   4500</leader>
  <controlfield tag="008">707.1 P964px</controlfield>
  <datafield tag="082" ind1=" " ind2=" ">
    <subfield code="a">707.1</subfield>
    <subfield code="b">P964px</subfield>
  </datafield>
  <datafield tag="110" ind1=" " ind2=" ">
    <subfield code="a">Universidad Torcuato di Tella </subfield>
    <subfield code="9">5709</subfield>
  </datafield>
  <datafield tag="245" ind1=" " ind2=" ">
    <subfield code="a">Programas del Departamento de Arte X</subfield>
  </datafield>
  <datafield tag="260" ind1=" " ind2=" ">
    <subfield code="a">Argentina</subfield>
    <subfield code="b">Universidad Tortucato Di Tella </subfield>
    <subfield code="c">2019 </subfield>
  </datafield>
  <datafield tag="300" ind1=" " ind2=" ">
    <subfield code="a">43 p. </subfield>
    <subfield code="b">il (col)</subfield>
    <subfield code="c">22 x 17 cm </subfield>
  </datafield>
  <datafield tag="650" ind1=" " ind2=" ">
    <subfield code="x">arte contempor&#xE1;neo </subfield>
    <subfield code="x">arte - educaci&#xF3;n </subfield>
    <subfield code="x">arte - programas art&#xED;sticos </subfield>
    <subfield code="x">Argentina</subfield>
    <subfield code="9">7200</subfield>
  </datafield>
  <datafield tag="999" ind1=" " ind2=" ">
    <subfield code="c">1857</subfield>
    <subfield code="d">1857</subfield>
  </datafield>
  <datafield tag="952" ind1=" " ind2=" ">
    <subfield code="0">0</subfield>
    <subfield code="1">0</subfield>
    <subfield code="2">ddc</subfield>
    <subfield code="4">0</subfield>
    <subfield code="7">0</subfield>
    <subfield code="a">LV</subfield>
    <subfield code="b">LV</subfield>
    <subfield code="c">Pensamiento</subfield>
    <subfield code="d">2019-10-03</subfield>
    <subfield code="l">0</subfield>
    <subfield code="o">707.1 P964px</subfield>
    <subfield code="r">2019-10-03 00:00:00</subfield>
    <subfield code="w">2019-10-03</subfield>
    <subfield code="y">01</subfield>
  </datafield>
</record>
